[Event "Moscow-ch"]
[Site "Moscow"]
[Date "1996.??.??"]
[Round "9"]
[White "Kodinets, Konstantin L"]
[Black "Utemov, Vladimir"]
[Result "1/2-1/2"]
[WhiteElo "2340"]
[BlackElo "2400"]
[PlyCount "92"]
[EventDate "1996.08.??"]
[EventType "swiss"]
[EventRounds "11"]
[EventCountry "RUS"]
[SourceTitle "CBM 055 Extra"]
[Source "ChessBase"]
[SourceDate "1997.01.01"]
[SourceVersion "1"]
[SourceVersionDate "1997.01.01"]
[SourceQuality "1"]

1. d4 Nf6 2. Nf3 e6 3. Bg5 Be7 4. Nbd2 d5 5. e3 b6 6. Ne5 Bb7 7. Bb5+ c6 8. Bd3 Nfd7 9. Bxe7 Qxe7 10. f4 Nxe5 11. fxe5 Nd7 12. 0-0 0-0 13. Qh5 g6 14. Qh3 f6 15. exf6 Rxf6 16. Rxf6 Nxf6 17. Nf3 Rf8 18. c3 c5 19. Qh4 Rf7 20. Re1 c4 21. Bc2 b5 22. Qg3 Rf8 23. Ng5 Bc6 24. h3 a5 25. Qe5 Nd7 26. Qxe6+ Qxe6 27. Nxe6 Re8 28. Nf4 Nf6 29. a3 Rb8 30. g4 g5 31. Ne6 h6 32. Rf1 Kf7 33. Nc5 Ke7 34. e4 dxe4 35. Bxe4 Nxe4 36. Nxe4 Bxe4 37. Re1 Kd6 38. Rxe4 b4 39. axb4 axb4 40. Kf2 bxc3 41. bxc3 Rb1 42. Re3 Rc1 43. Ke2 Rc2+ 44. Kf3 Kd5 45. Kg3 Rd2 46. Kf3 Rc2 1/2-1/2

[Event "Moscow-ch op"]
[Site "Moscow"]
[Date "1995.??.??"]
[Round "5"]
[White "Shipov, Sergei"]
[Black "Utemov, Vladimir"]
[Result "1/2-1/2"]
[WhiteElo "2510"]
[BlackElo "2405"]
[PlyCount "50"]
[EventDate "1995.??.??"]
[EventType "swiss"]
[EventRounds "11"]
[EventCountry "RUS"]
[SourceTitle "EXT 1997"]
[Source "ChessBase"]
[SourceDate "1996.11.15"]
[SourceVersion "1"]
[SourceVersionDate "1996.11.15"]
[SourceQuality "1"]

1. d4 Nf6 2. c4 g6 3. Nc3 Bg7 4. e4 d6 5. Be2 0-0 6. Nf3 e5 7. Be3 Nbd7 8. 0-0 c6 9. d5 c5 10. Ne1 Ne8 11. Nd3 f5 12. f4 exf4 13. Nxf4 Ne5 14. exf5 Rxf5 15. Qd2 Nc7 16. b3 Rf8 17. Nd3 Bf5 18. Nf2 Qe7 19. Rae1 Rae8 20. Bg5 Bf6 21. Bf4 Bg7 22. Bd3 Bc8 23. Bg5 Bf6 24. Bh6 Bg7 25. Bg5 Bf6 1/2-1/2

[Event "Moscow-ch op"]
[Site "Moscow"]
[Date "1995.??.??"]
[Round "10"]
[White "Utemov, Vladimir"]
[Black "Dvalishvili, Pavel S"]
[Result "1/2-1/2"]
[WhiteElo "2405"]
[BlackElo "2360"]
[PlyCount "54"]
[EventDate "1995.??.??"]
[EventType "swiss"]
[EventRounds "11"]
[EventCountry "RUS"]
[SourceTitle "EXT 1997"]
[Source "ChessBase"]
[SourceDate "1996.11.15"]
[SourceVersion "1"]
[SourceVersionDate "1996.11.15"]
[SourceQuality "1"]

1. e4 c5 2. Nf3 d6 3. d4 cxd4 4. Nxd4 Nf6 5. Nc3 a6 6. f4 b5 7. e5 dxe5 8. fxe5 b4 9. Na4 Ng4 10. e6 Bxe6 11. Be2 Bd7 12. Bxg4 Bxa4 13. 0-0 Nc6 14. Be3 Nxd4 15. Bxd4 e5 16. Bxe5 Bc5+ 17. Kh1 0-0 18. Qf3 Qg5 19. Bf4 Qg6 20. Qh3 f5 21. Be2 Bc6 22. Bc4+ Kh8 23. Rae1 Be4 24. Bd3 Rae8 25. Bxe4 Rxe4 26. Qd3 Qe6 27. Bd2 Re8 1/2-1/2

[Event "Moscow-ch op"]
[Site "Moscow"]
[Date "1995.??.??"]
[Round "4"]
[White "Utemov, Vladimir"]
[Black "Zhelesny, Stanislav"]
[Result "1-0"]
[WhiteElo "2405"]
[BlackElo "2215"]
[PlyCount "81"]
[EventDate "1995.??.??"]
[EventType "swiss"]
[EventRounds "11"]
[EventCountry "RUS"]
[SourceTitle "EXT 1997"]
[Source "ChessBase"]
[SourceDate "1996.11.15"]
[SourceVersion "1"]
[SourceVersionDate "1996.11.15"]
[SourceQuality "1"]

1. e4 c6 2. d4 d5 3. exd5 cxd5 4. c4 Nf6 5. Nc3 e6 6. Nf3 Be7 7. cxd5 Nxd5 8. Bd3 0-0 9. 0-0 Na6 10. Re1 Nac7 11. Ne5 f5 12. Bc4 Bd7 13. Nxd5 exd5 14. Bb3 Rc8 15. Bf4 Kh8 16. Re3 Ne6 17. Nxd7 Qxd7 18. Qe1 Nxf4 19. Rxe7 Qb5 20. Qe5 Nh5 21. g4 Nf6 22. g5 Rg8 23. Qxf5 Qb4 24. Rae1 Ne4 25. R1xe4 dxe4 26. Bxg8 Rxg8 27. Qxe4 Qxb2 28. Qe5 Qxa2 29. Rxb7 Qa4 30. h3 Qa3 31. Kg2 a5 32. d5 Qf8 33. Ra7 Qc5 34. Rc7 Qb5 35. Qe6 Qb8 36. d6 Qa8+ 37. Kg3 Rf8 38. Rf7 Rc8 39. Qe5 Rg8 40. d7 Qc6 41. Rxg7 1-0

[Event "Moscow op"]
[Site "Moscow"]
[Date "1994.??.??"]
[Round "9"]
[White "Moskalenko, Viktor"]
[Black "Utemov, Vladimir"]
[Result "1-0"]
[WhiteElo "2535"]
[BlackElo "2410"]
[PlyCount "89"]
[EventDate "1994.??.??"]
[EventType "swiss"]
[EventRounds "9"]
[EventCountry "RUS"]
[SourceTitle "EXT 1997"]
[Source "ChessBase"]
[SourceDate "1996.11.15"]
[SourceVersion "1"]
[SourceVersionDate "1996.11.15"]
[SourceQuality "1"]

1. d4 Nf6 2. c4 e6 3. Nc3 Bb4 4. e3 b6 5. Nge2 Ba6 6. a3 Be7 7. Nf4 d5 8. cxd5 Bxf1 9. Kxf1 Nxd5 10. Ncxd5 exd5 11. Qf3 c6 12. b4 a6 13. Bb2 Nd7 14. Rc1 Rc8 15. g3 0-0 16. Kg2 b5 17. e4 dxe4 18. Qxe4 Bg5 19. Rxc6 Rxc6 20. Qxc6 Bxf4 21. gxf4 Nb6 22. Re1 Nc4 23. Bc3 Nxa3 24. d5 Nc4 25. Bd4 Qh4 26. d6 Qxf4 27. Bc5 Ne5 28. Qe4 Qxe4+ 29. Rxe4 Nd7 30. Re7 Rd8 31. Kf3 a5 32. Ke4 a4 33. Kd5 a3 34. Rxd7 Rxd7 35. Kc6 a2 36. Bd4 Ra7 37. d7 Ra8 38. Kc7 f6 39. d8Q+ Rxd8 40. Kxd8 Kf7 41. Kd7 g5 42. Kc6 f5 43. Kxb5 h5 44. Kc6 g4 45. b5 1-0

[Event "Moscow-ch"]
[Site "Moscow"]
[Date "1994.??.??"]
[Round "?"]
[White "Utemov, Vladimir"]
[Black "Lastin, Alexander"]
[Result "1-0"]
[WhiteElo "2405"]
[BlackElo "2405"]
[PlyCount "79"]
[EventDate "1994.??.??"]
[EventType "swiss"]
[EventRounds "9"]
[EventCountry "RUS"]
[SourceTitle "CBM 043 Extra"]
[Source "ChessBase"]
[SourceDate "1995.01.01"]
[SourceVersion "1"]
[SourceVersionDate "1995.01.01"]
[SourceQuality "1"]

1. e4 c5 2. Nf3 Nc6 3. d4 cxd4 4. Nxd4 Nf6 5. Nc3 e5 6. Ndb5 d6 7. Bg5 a6 8. Na3 b5 9. Bxf6 gxf6 10. Nd5 f5 11. Bd3 Be6 12. 0-0 Bxd5 13. exd5 Ne7 14. Nxb5 Bg7 15. Nc3 e4 16. Bc4 0-0 17. Qh5 Kh8 18. Rae1 Rc8 19. Bxa6 Rc5 20. Re3 Qa8 21. Rh3 h6 22. Bb5 Nxd5 23. Nxd5 Qxd5 24. c4 Qd2 25. Qd1 Qxb2 26. Qxd6 Re5 27. a4 f4 28. c5 Kg8 29. c6 e3 30. fxe3 fxe3 31. c7 Qc2 32. Rg3 Rg5 33. Rxg5 hxg5 34. Ba6 e2 35. Bxe2 Re8 36. Ba6 Bf8 37. Qd7 Qc5+ 38. Kh1 Re7 39. Qxe7 Bxe7 40. c8Q+ 1-0

[Event "RUS-chT2"]
[Site "Podolsk"]
[Date "1993.??.??"]
[Round "?"]
[White "Pozin, Sergey"]
[Black "Utemov, Vladimir"]
[Result "1-0"]
[WhiteElo "2340"]
[BlackElo "2430"]
[PlyCount "70"]
[EventDate "1993.??.??"]
[EventType "team"]
[EventRounds "9"]
[EventCountry "RUS"]
[SourceTitle "TD"]
[Source "ChessBase"]
[SourceDate "1994.03.01"]
[SourceVersion "1"]
[SourceVersionDate "1994.03.01"]
[SourceQuality "1"]

1. e4 c5 2. Nc3 e6 3. Nf3 Nc6 4. d4 cxd4 5. Nxd4 Qc7 6. f4 a6 7. Be3 b5 8. Be2 Bb7 9. 0-0 b4 10. Na4 Nf6 11. Bf3 Na5 12. Qd3 Nc4 13. Bf2 Rc8 14. b3 Na3 15. Rac1 Qxf4 16. e5 Nd5 17. c4 bxc3 18. Bxd5 Bxd5 19. Nb6 Be4 20. Qe2 Rb8 21. Bg3 Qd2 22. Qxe4 Bc5 23. Rfd1 Bxd4+ 24. Qxd4 Qxd4+ 25. Rxd4 Rxb6 26. Rxc3 Rc6 27. Rcd3 Rc1+ 28. Kf2 Rc2+ 29. Kf3 0-0 30. Rxd7 Rxa2 31. Bf2 g5 32. Bc5 Rc8 33. Be7 Kg7 34. Rd8 Rxd8 35. Rxd8 g4+ 1-0

[Event "RUS-chT2"]
[Site "Podolsk"]
[Date "1993.??.??"]
[Round "?"]
[White "Utemov, Vladimir"]
[Black "Notkin, Maksim"]
[Result "0-1"]
[WhiteElo "2430"]
[BlackElo "2360"]
[PlyCount "48"]
[EventDate "1993.??.??"]
[EventType "team"]
[EventRounds "9"]
[EventCountry "RUS"]
[SourceTitle "TD"]
[Source "ChessBase"]
[SourceDate "1994.03.01"]
[SourceVersion "1"]
[SourceVersionDate "1994.03.01"]
[SourceQuality "1"]

1. d4 Nf6 2. c4 g6 3. Nc3 d5 4. cxd5 Nxd5 5. e4 Nxc3 6. bxc3 Bg7 7. Bb5+ c6 8. Ba4 b5 9. Bb3 b4 10. e5 bxc3 11. f4 0-0 12. Ne2 Ba6 13. Nxc3 Nd7 14. h4 c5 15. d5 Qb8 16. Qf3 Nxe5 17. fxe5 Qxe5+ 18. Kd2 Qd4+ 19. Kc2 c4 20. Ba4 Bc8 21. Bd2 Rb8 22. Rhd1 Bf5+ 23. Kc1 Qb6 24. Bb5 a6 0-1

[Event "RUS-chT2"]
[Site "Podolsk"]
[Date "1993.??.??"]
[Round "?"]
[White "Zaitsev, Igor A"]
[Black "Utemov, Vladimir"]
[Result "1/2-1/2"]
[WhiteElo "2450"]
[BlackElo "2430"]
[PlyCount "41"]
[EventDate "1993.??.??"]
[EventType "team"]
[EventRounds "9"]
[EventCountry "RUS"]
[SourceTitle "TD"]
[Source "ChessBase"]
[SourceDate "1994.03.01"]
[SourceVersion "1"]
[SourceVersionDate "1994.03.01"]
[SourceQuality "1"]

1. e4 c5 2. Nf3 e6 3. c3 d5 4. e5 d4 5. b4 cxb4 6. Nxd4 Ne7 7. Bb5+ Nbc6 8. 0-0 Bd7 9. Nf3 Ng6 10. cxb4 Ncxe5 11. Nc3 Bxb4 12. Nxe5 Nxe5 13. Rb1 Bd6 14. d4 Ng6 15. Qa4 a6 16. Bxd7+ Qxd7 17. Qxd7+ Kxd7 18. Rxb7+ Bc7 19. d5 Rhb8 20. dxe6+ fxe6 21. Rd1+ 1/2-1/2

[Event "Smolensk Alekhine op-A"]
[Site "Smolensk"]
[Date "1992.??.??"]
[Round "6"]
[White "Utemov, Vladimir"]
[Black "Lugovoi, Aleksei"]
[Result "1-0"]
[WhiteElo "2430"]
[BlackElo "2315"]
[PlyCount "85"]
[EventDate "1992.??.??"]
[EventType "swiss"]
[EventRounds "9"]
[EventCountry "RUS"]
[SourceTitle "EXT 1997"]
[Source "ChessBase"]
[SourceDate "1996.11.15"]
[SourceVersion "1"]
[SourceVersionDate "1996.11.15"]
[SourceQuality "1"]

1. Nf3 Nf6 2. c4 e6 3. Nc3 d5 4. d4 c5 5. cxd5 Nxd5 6. e3 Be7 7. Bd3 0-0 8. 0-0 Nc6 9. a3 b6 10. Qc2 g6 11. e4 Nxd4 12. Nxd4 cxd4 13. Nb5 a6 14. Bh6 Re8 15. exd5 axb5 16. Bxb5 Bd7 17. dxe6 fxe6 18. Qe4 Bf6 19. Bxd7 Qxd7 20. g3 Ra5 21. Bd2 Rd5 22. Qd3 Qb5 23. Qxb5 Rxb5 24. b4 d3 25. Rab1 Rc8 26. Rfc1 Rxc1+ 27. Rxc1 Bb2 28. Rc8+ Kf7 29. a4 Re5 30. Rd8 Rd5 31. Rxd5 exd5 32. Kg2 d4 33. a5 bxa5 34. bxa5 Ba3 35. Kf3 Ke6 36. Ke4 Bc5 37. Kxd3 Kd5 38. f4 Ba7 39. g4 Bb8 40. h3 Ba7 41. Bb4 Bb8 42. a6 Kc6 43. f5 1-0

[Event "Smolensk Alekhine op-A"]
[Site "Smolensk"]
[Date "1992.??.??"]
[Round "9"]
[White "Voitsekhovsky, Stanislav"]
[Black "Utemov, Vladimir"]
[Result "0-1"]
[WhiteElo "2370"]
[BlackElo "2430"]
[PlyCount "98"]
[EventDate "1992.??.??"]
[EventType "swiss"]
[EventRounds "9"]
[EventCountry "RUS"]
[SourceTitle "EXT 1997"]
[Source "ChessBase"]
[SourceDate "1996.11.15"]
[SourceVersion "1"]
[SourceVersionDate "1996.11.15"]
[SourceQuality "1"]

1. e4 c5 2. Nf3 d6 3. d4 cxd4 4. Nxd4 Nf6 5. Nc3 a6 6. Bc4 e6 7. Bb3 b5 8. 0-0 Be7 9. Qf3 Qb6 10. Be3 Qb7 11. Qg3 g6 12. f3 Nbd7 13. Rad1 Nc5 14. Bh6 Nxb3 15. axb3 b4 16. Na4 e5 17. Ne2 Be6 18. Qf2 Rc8 19. Rd2 Rc6 20. Ng3 Rg8 21. Be3 Kf8 22. Bh6+ Ke8 23. Be3 Nd7 24. Ne2 Qc7 25. c4 bxc3 26. Naxc3 Bxb3 27. f4 f6 28. Qh4 Rg7 29. f5 g5 30. Qg4 Nb6 31. Bxb6 Qxb6+ 32. Kh1 Qe3 33. Rd5 Bxd5 34. Nxd5 Qd2 35. Nec3 Qxb2 36. Qh5+ Rf7 37. Qf3 Bd8 38. h4 g4 39. Qxg4 Kf8 40. Nd1 Qd2 41. N1e3 Rc1 42. Rxc1 Qxc1+ 43. Kh2 Bb6 44. Nxb6 Qxe3 45. Nd5 Qf2 46. h5 Rg7 47. Qh3 Kf7 48. h6 Rg5 49. Nb4 Qe2 0-1

[Event "Smolensk Alekhine op-A"]
[Site "Smolensk"]
[Date "1992.??.??"]
[Round "3"]
[White "Zakharov, Alexander V"]
[Black "Utemov, Vladimir"]
[Result "1/2-1/2"]
[WhiteElo "2365"]
[BlackElo "2430"]
[PlyCount "37"]
[EventDate "1992.??.??"]
[EventType "swiss"]
[EventRounds "9"]
[EventCountry "RUS"]
[SourceTitle "EXT 1997"]
[Source "ChessBase"]
[SourceDate "1996.11.15"]
[SourceVersion "1"]
[SourceVersionDate "1996.11.15"]
[SourceQuality "1"]

1. e4 c5 2. Nf3 d6 3. Bb5+ Bd7 4. c4 Nc6 5. 0-0 Nf6 6. Nc3 e6 7. d4 cxd4 8. Nxd4 Be7 9. Be3 0-0 10. h3 a6 11. Nxc6 Bxc6 12. Bxc6 bxc6 13. Qa4 Qc7 14. Rac1 Qb7 15. Qc2 Rac8 16. Rfd1 Rfd8 17. Na4 Nd7 18. b3 c5 19. Rd2 1/2-1/2

[Event "Belavenets Memorial op"]
[Site "Smolensk"]
[Date "1991.??.??"]
[Round "?"]
[White "Gergel, Vladimir P"]
[Black "Utemov, Vladimir"]
[Result "1/2-1/2"]
[WhiteElo "2305"]
[BlackElo "2435"]
[PlyCount "59"]
[EventDate "1991.??.??"]
[EventType "swiss"]
[EventRounds "9"]
[EventCountry "URS"]
[SourceTitle "EXT 2000"]
[Source "ChessBase"]
[SourceDate "1999.11.16"]
[SourceVersion "1"]
[SourceVersionDate "1999.11.16"]
[SourceQuality "1"]

1. e4 c5 2. Nc3 Nc6 3. d3 Nf6 4. g4 d5 5. g5 d4 6. gxf6 dxc3 7. fxe7 Bxe7 8. bxc3 0-0 9. Bg2 f5 10. Ne2 fxe4 11. Bxe4 Ne5 12. Bf4 Bd6 13. Bg3 Nf3+ 14. Bxf3 Rxf3 15. Qd2 Be7 16. Bf4 Bf6 17. Rg1 b5 18. Rb1 a6 19. Be3 Qe7 20. Kd1 Be6 21. a4 Bd7 22. Ng3 Bg4 23. Kc1 c4 24. Ne4 Qa3+ 25. Rb2 Qa1+ 26. Rb1 Qa3+ 27. Rb2 b4 28. Nxf6+ Rxf6 29. Bd4 Qa1+ 30. Rb1 1/2-1/2

[Event "Moscow6"]
[Site "Moscow"]
[Date "1991.??.??"]
[Round "?"]
[White "Utemov, Vladimir"]
[Black "Goldin, Vladimir M"]
[Result "1/2-1/2"]
[WhiteElo "2435"]
[BlackElo "2330"]
[PlyCount "83"]
[EventDate "1991.??.??"]
[EventType "swiss"]
[EventRounds "9"]
[EventCountry "URS"]
[SourceTitle "TD"]
[Source "ChessBase"]
[SourceDate "1994.03.01"]
[SourceVersion "1"]
[SourceVersionDate "1994.03.01"]
[SourceQuality "1"]

1. d4 Nf6 2. c4 e6 3. Nc3 d5 4. cxd5 exd5 5. Bg5 Nbd7 6. e3 Be7 7. Bd3 0-0 8. Qc2 b6 9. Nf3 Bb7 10. 0-0 Re8 11. Bf4 c6 12. h3 Nf8 13. Ne5 Bd6 14. Bg3 Qe7 15. Rfe1 Rad8 16. Rad1 Qc7 17. Rc1 Re7 18. Qb1 Qb8 19. b4 Ng6 20. Nxg6 hxg6 21. Bh4 Rde8 22. Re2 Re6 23. Rce1 Qc7 24. f4 R6e7 25. f5 gxf5 26. Bxf6 gxf6 27. Bxf5 Bg3 28. Rf1 Rxe3 29. Rxe3 Rxe3 30. Qc1 Qe7 31. Ne2 Bh4 32. Bg4 Ba6 33. Qxc6 Bxe2 34. Bxe2 Rxe2 35. Qc8+ Kh7 36. Qf5+ Kh6 37. Qc8 Qe8 38. Qg4 Qe3+ 39. Kh1 Bf2 40. Qg8 Re1 41. Qh8+ Kg6 42. Qg8+ 1/2-1/2

[Event "Belavenets Memorial op"]
[Site "Smolensk"]
[Date "1991.??.??"]
[Round "?"]
[White "Utemov, Vladimir"]
[Black "Newerovski, Gennadi"]
[Result "1/2-1/2"]
[WhiteElo "2435"]
[BlackElo "2335"]
[PlyCount "42"]
[EventDate "1991.??.??"]
[EventType "swiss"]
[EventRounds "9"]
[EventCountry "URS"]
[SourceTitle "EXT 2000"]
[Source "ChessBase"]
[SourceDate "1999.11.16"]
[SourceVersion "1"]
[SourceVersionDate "1999.11.16"]
[SourceQuality "1"]

1. d4 Nf6 2. c4 e6 3. Nc3 Bb4 4. g3 c5 5. Nf3 Ne4 6. Qd3 cxd4 7. Nxd4 Nxc3 8. bxc3 Be7 9. Nb5 Nc6 10. Bf4 e5 11. Be3 0-0 12. c5 b6 13. cxb6 axb6 14. Bg2 Ra4 15. 0-0 Na5 16. Qc2 Rc4 17. Rfd1 Bc5 18. Qc1 Bb7 19. Bxc5 Rxc5 20. Bxb7 Nxb7 21. a4 Na5 1/2-1/2

[Event "Moscow4"]
[Site "Moscow"]
[Date "1991.??.??"]
[Round "?"]
[White "Utemov, Vladimir"]
[Black "Savon, Vladimir A"]
[Result "1/2-1/2"]
[WhiteElo "2425"]
[BlackElo "2465"]
[PlyCount "27"]
[EventDate "1991.??.??"]
[EventType "swiss"]
[EventRounds "9"]
[EventCountry "URS"]
[SourceTitle "TD"]
[Source "ChessBase"]
[SourceDate "1994.03.01"]
[SourceVersion "1"]
[SourceVersionDate "1994.03.01"]
[SourceQuality "1"]

1. Nf3 Nf6 2. c4 b6 3. g3 Bb7 4. Bg2 e6 5. d4 Be7 6. Nc3 Ne4 7. Bd2 d6 8. 0-0 Nd7 9. Nxe4 Bxe4 10. d5 Bf6 11. dxe6 fxe6 12. Qc1 a5 13. Bc3 Nc5 14. Qe3 1/2-1/2

[Event "URS Club Cup 2nd Group1"]
[Site "Podolsk"]
[Date "1990.03.??"]
[Round "?"]
[White "Makarov, Marat"]
[Black "Utemov, Vladimir"]
[Result "1-0"]
[WhiteElo "2480"]
[BlackElo "2405"]
[PlyCount "121"]
[EventDate "1990.03.??"]
[EventType "team-tourn"]
[EventRounds "6"]
[EventCountry "URS"]
[SourceTitle "EXT 2020"]
[Source "ChessBase"]
[SourceDate "2019.10.17"]
[SourceVersion "1"]
[SourceVersionDate "2019.10.17"]
[SourceQuality "1"]
[WhiteTeam "Novosibirsk Vektor"]
[BlackTeam "Moscow GPZ Phoenix"]
[WhiteTeamCountry "URS"]
[BlackTeamCountry "URS"]

1. Nf3 c5 2. c4 Nc6 3. Nc3 g6 4. e3 Nf6 5. d4 cxd4 6. exd4 d5 7. Bg5 Be6 8. Bxf6 exf6 9. c5 Bg7 10. Bb5 0-0 11. 0-0 Bg4 12. Bxc6 bxc6 13. h3 Bxf3 14. Qxf3 Rb8 15. b3 f5 16. Qd3 Qh4 17. Rfd1 Rb4 18. Ne2 Rfb8 19. Rab1 Qe4 20. Qa6 Qe7 21. Rb2 Qd7 22. Qd3 a5 23. a3 R4b7 24. Rdb1 Qe7 25. b4 axb4 26. axb4 Qe4 27. Qa6 Bxd4 28. Nxd4 Qxd4 29. Qxc6 Re7 30. Qa6 Re1+ 31. Rxe1 Qxb2 32. Qc6 Qxb4 33. Re8+ Kg7 34. Rxb8 Qe1+ 35. Kh2 Qe5+ 36. g3 Qxb8 37. Qxd5 Qb2 38. Kg2 Qc2 39. c6 g5 40. g4 fxg4 41. Qxg5+ Kf8 42. Qd8+ Kg7 43. Qd4+ Kg6 44. Qxg4+ Kf6 45. Qd4+ Kg6 46. Qd6+ f6 47. c7 h5 48. Qd8 Qe4+ 49. Kf1 Qb1+ 50. Ke2 Qe4+ 51. Kd2 Qb4+ 52. Kd3 Qb5+ 53. Kd4 Qe5+ 54. Kc4 Qe4+ 55. Kc5 Qe5+ 56. Kc6 Qe6+ 57. Qd6 Qc4+ 58. Kb7 Qb5+ 59. Qb6 Qd5+ 60. Kb8 Qe5 61. Qb4 1-0

[Event "URS Club Cup 2nd final B"]
[Site "Podolsk"]
[Date "1990.03.??"]
[Round "?"]
[White "Utemov, Vladimir"]
[Black "Moroz, Alexander"]
[Result "0-1"]
[WhiteElo "2405"]
[BlackElo "2385"]
[PlyCount "70"]
[EventDate "1990.03.??"]
[EventType "team-tourn"]
[EventRounds "3"]
[EventCountry "URS"]
[SourceTitle "EXT 2020"]
[Source "ChessBase"]
[SourceDate "2019.10.17"]
[SourceVersion "1"]
[SourceVersionDate "2019.10.17"]
[SourceQuality "1"]
[WhiteTeam "Moscow GPZ Phoenix"]
[BlackTeam "Dnepropetrovsk Regional CC"]
[WhiteTeamCountry "URS"]
[BlackTeamCountry "URS"]

1. Nf3 d5 2. d4 c6 3. c4 e6 4. e3 f5 5. Nc3 Nf6 6. Qc2 Bd6 7. b3 0-0 8. Bb2 a5 9. Bd3 Ne4 10. c5 Bc7 11. 0-0 Nd7 12. Ne2 Qf6 13. a3 g5 14. g3 Qh6 15. Ne1 g4 16. Nf4 Ndf6 17. Be2 Ng5 18. Ned3 Bd7 19. Rfb1 Nfe4 20. Qd1 Rf6 21. Ra2 Be8 22. Ba1 Bxf4 23. Nxf4 Nxf2 24. Qf1 Ngh3+ 25. Kg2 Qg7 26. b4 h5 27. bxa5 Rxa5 28. Bc3 Ra7 29. Be1 Nxf4+ 30. gxf4 Ne4 31. Rb3 h4 32. Bxh4 Rh6 33. Bg3 Qh7 34. Qg1 Rh3 35. Qf1 Nxg3 0-1